• 首页
  • 本馆介绍
  • 公告通知
  • 最新文献
  • 馆藏检索
  • 电子资源
  • 读者导购
  • 参考咨询
  • 我的图书馆
  • 登录
  • 详细信息显示
  • 放入我的书架
  • 预约/预借图书
  • 作者相关作品
  • 分类相关作品
  • 丛书相关作品
  • 出版社相关作品

书目信息

  • 表格格式
  • 工作单格式
  • 卡片格式
题名:
爱让生命绽放
    
 
作者: 韩秀华 , 张磊 著
分册:  
出版信息: 上海   复旦大学出版社有限公司  2019.05
页数: 162页
开本: 24cm
丛书名:
单 册:
中图分类: G762.2
科图分类:
主题词: 听力障碍--Ting Li Zhang Ai--学前儿童--特殊教育--研究
电子资源:
ISBN: 978-7-309-14276-1
000 01037nam0 2200253 450
001 0103152640
005 20201103152729.0
010    @a978-7-309-14276-1@dCNY40.00
100    @a20190705d2019 em y0chiy50 ea
101 0  @achi
102    @aCN@b310000
105    @aa z 000yy
106    @ar
200 1  @a爱让生命绽放@AAi Rang Sheng Ming Zhan Fang@e学前梯度进阶式聋健融合教育@f韩秀华, 张磊著
210    @a上海@c复旦大学出版社有限公司@d2019.05
215    @a162页@c图, 照片@d24cm
330    @a本书共分为四个部分:爱的起源分享了启英幼儿园与融合教育的渊源;爱的智慧呈现了聋健融合教育的关键环节——入阶评定;爱的实践提炼了聋健融合教育的各项服务和有效做法;爱的回响反映了聋健融合教育取得的成效和社会效应。
517 1  @a学前梯度进阶式聋健融合教育@AXue Qian Ti Du Jin Jie Shi Long Jian Rong He Jiao Yu
606 0  @a听力障碍@ATing Li Zhang Ai@x学前儿童@x特殊教育@x研究
690    @aG762.2@v5
701  0 @a韩秀华@AHan Xiu Hua@4著
701  0 @a张磊@AZhang Lei@4著
801  0 @aCN@bBJSZM@c20201103
905    @b1255036-40@dG762.2@e146@f5
    
    爱让生命绽放:学前梯度进阶式聋健融合教育/韩秀华, 张磊著.-上海:复旦大学出版社有限公司,2019.05
    162页:图, 照片;24cm
    
    
    ISBN 978-7-309-14276-1:CNY40.00
    本书共分为四个部分:爱的起源分享了启英幼儿园与融合教育的渊源;爱的智慧呈现了聋健融合教育的关键环节——入阶评定;爱的实践提炼了聋健融合教育的各项服务和有效做法;爱的回响反映了聋健融合教育取得的成效和社会效应。
●
相关链接 在E读中查询图书 在五车中查询图书 在当当中查询图书 在豆瓣中查询图书


正题名:爱让生命绽放     索取号:G762.2/146         预约/预借

序号 登录号 条形码 馆藏地/架位号 状态 备注
1 1255036   212550363   第一样本阅览室/ [索取号:G762.2/146] 在馆    
2 1255037   212550372   教育系资料室/ [索取号:G762.2/146] 在馆    
3 1255038   212550381   教育系资料室/ [索取号:G762.2/146] 在馆    
4 1255039   212550390   第四借阅区/ [索取号:G762.2/146] 在馆    
5 1255040   212550407   第四借阅区/ [索取号:G762.2/146] 在馆    
唐山师范学院图书馆 欢迎您!
大连网信软件有限公司© 版权所有